| 000 | 01441nam a22003137a 4500 | ||
|---|---|---|---|
| 999 |
_c64326 _d64326 |
||
| 005 | 20240530110726.0 | ||
| 008 | 180419s2016 ua g b 000 0 ara d | ||
| 017 |
_a2016/21543 _bمصر. دار الكتب |
||
| 020 | _a9789779109763 | ||
| 040 |
_aEG-CaGPL _cEG-CaGPL |
||
| 082 | 0 | 4 |
_221 _a810.8 / _bو م |
| 100 | 1 | _aالواهرانى، ركن الدين محمد بن محمد بن محرز | |
| 245 | 1 | 0 |
_aمنامات الوهرانى ومقاماتة ورسائلة / _cركن الدين محمد بن محمد بن محرز الوهرانى ؛ تحقيق ابراهيم شعلان، محمد نغش ؛ مراجعة عبدالعزيز الاهوانى |
| 250 | _aط.2 | ||
| 260 |
_aالقاهرة : _bالهيئة المصرية العامة للكتاب ، _c2016. |
||
| 300 |
_a337 ص. ؛ _c24 سم + _eملاحق. |
||
| 490 | 0 |
_aسلسلة التراث الحضارى ؛ _v2. |
|
| 504 | _aيشتمل على ارجاعات ببليوجرافية | ||
| 600 | 1 | _aالوهرانى ، ركن الدين محمد | |
| 650 | 0 | 7 |
_2qrmak _aالادب العربى _xمجموعات |
| 650 | 0 | 7 |
_2qrmak _aمقامات الوهرانى |
| 650 | 0 | 7 |
_2qrmak _aرسائل الوهرانى |
| 651 | _2qrmak | ||
| 700 | 0 |
_aابراهيم شعلان _eمحقق |
|
| 700 | 0 |
_aمحمد نغش _eمحقق |
|
| 700 | 0 |
_aعبدالعزيز الاهوانى _eمراجع |
|
| 942 |
_2ddc _cBK |
||